000 00713nam a2200229 i 4500
001 22913
003 ES-MaACL
005 20230906152758.0
007 t|
008 021205s1973 sp ||||1| spa d
100 1 _aAlpern, Mathew.
_920460
245 1 0 _aProcesos sensoriales /
_cMathew Alpern, M. Lawrence y D. Wolsk ; [versión de Antonio Martínez Riu].
260 _aBarcelona :
_bHerder,
_c1973.
300 _a249 p. ;
_c22 cm.
490 1 _aBiblioteca de psicología ;
_v4
700 1 _aLawrence, M.
_970749
700 1 _aWolsk, D.
_9117292
700 1 _aMartínez Riu, D.
_978365
830 0 _aBiblioteca de psicología ;
_v4
_9180745
852 _aES-MaACL
_jC-52363
_bR.85919
999 _c22913
_d22913